Detalles MARC
| 000 -CABECERA |
| campo de control de longitud fija |
01815nam a2200253 a 4500 |
| 001 - NÚMERO DE CONTROL |
| campo de control |
000045220 |
| 003 - IDENTIFICADOR DEL NÚMERO DE CONTROL |
| campo de control |
DO-SdBNP |
| 005 - FECHA Y HORA DE LA ÚLTIMA TRANSACCIÓN |
| campo de control |
20220808110950.0 |
| 008 - DATOS DE LONGITUD FIJA--INFORMACIÓN GENERAL |
| campo de control de longitud fija |
150211s1996 dr a 000 0 spa d |
| 040 ## - FUENTE DE LA CATALOGACIÓN |
| Centro catalogador/agencia de origen |
DO-SdBNP |
| Lengua de catalogación |
spa |
| Centro/agencia transcriptor |
BNPHU |
| 082 ## - NÚMERO DE LA CLASIFICACIÓN DECIMAL DEWEY |
| Número de clasificación |
xxxx |
| Número de documento/Ítem |
xxxx |
| 111 2# - ENTRADA PRINCIPAL--NOMBRE DE CONGRESO/REUNIÓN |
| Nombre de congreso/reunión o jurisdicción como elemento de entrada |
Concurso de cuentos te regalo un sueño , lee pinta y escribe |
| Número del congreso/reunión o número de parte o sección |
(5to: |
| Fecha del congreso/reunión |
1996 |
| Sede del congreso/Lugar de la reunión |
Santo Domingo) |
| 9 (RLIN) |
73240 |
| 245 10 - MENCIÓN DE TÍTULO |
| Título |
Concurso de cuentos te regalo un sueño 1996 / |
| Mención de responsabilidad, etc. |
presentación Lourdes Bonnelly de Espaillat ; ilustradores Henry Cid, Angel María, Juan Richard Féliz ; coordinadora PIALI Lorelay Carrón de Tejada. |
| 246 10 - FORMA VARIANTE DE TÍTULO |
| Título propio/Titulo breve |
Quinto concurso de cuentos te regalo un sueño 1996. |
| 260 ## - PUBLICACIÓN, DISTRIBUCIÓN, ETC. |
| Lugar de publicación, distribución, etc. |
Santo Domingo : |
| Nombre del editor, distribuidor, etc. |
Listín Diario, |
| -- |
Al Compás, |
| Fecha de publicación, distribución, etc. |
1996. |
| 300 ## - DESCRIPCIÓN FÍSICA |
| Extensión |
32 p. : |
| Otras características físicas |
il. ; |
| Dimensiones |
28 cm. |
| 505 0# - NOTA DE CONTENIDO CON FORMATO |
| Nota de contenido con formato |
El fin de una estrella / |
| Mención de responsabilidad |
Evelyn M. Martínez -- |
| Título |
Tarea, tarea, tarea / |
| Mención de responsabilidad |
Marie D'Vries / |
| Título |
El pecesito inconforme / |
| Mención de responsabilidad |
Omar Alburquerque Mejía -- |
| Título |
El ratoncito vanidoso / |
| Mención de responsabilidad |
Andrés Alejandro Aybar -- |
| Título |
Pio, pio y corbata / |
| Mención de responsabilidad |
Simón Espinal -- |
| Título |
Rebluni el pecesito / |
| Mención de responsabilidad |
Alicia Rodriguez P. -- |
| Título |
Josefina y las estrellas / |
| Mención de responsabilidad |
Laura Pacheco -- |
| Título |
La borra y el lápiz / |
| Mención de responsabilidad |
Marcos José Jorge León -- |
| Título |
Una noche inolvidable / |
| Mención de responsabilidad |
Jonatán Manuel Díaz Pérez -- |
| Título |
Jaimito el Perezoso / |
| Mención de responsabilidad |
Abraham David Vásquez E. -- |
| Título |
El lagarto que quería volar / |
| Mención de responsabilidad |
Marcos Abreu Holguín -- |
| Título |
El ave y sus hijitos / |
| Mención de responsabilidad |
David Ramírez -- |
| Título |
El niño de la burbuja / |
| Mención de responsabilidad |
Nagib M. Aslouni Peña -- |
| Título |
Las enseñanzas del zorrillo / |
| Mención de responsabilidad |
Berenice Pacheco Salazar -- |
| Título |
Una excursion a la zona colonial / |
| Mención de responsabilidad |
Maria Alejandra Castillo Planas -- |
| 700 12 - PUNTO DE ACCESO ADICIONAL--NOMBRE DE PERSONA |
| Nombre de persona |
Bonnelly de Espaillat, Lourdes, |
| Término indicativo de función/relación |
pres. |
| 9 (RLIN) |
71845 |
| 700 12 - PUNTO DE ACCESO ADICIONAL--NOMBRE DE PERSONA |
| Nombre de persona |
Carrón de Tejada, Lorelay, |
| Término indicativo de función/relación |
coor. |
| 9 (RLIN) |
73241 |
| 700 12 - PUNTO DE ACCESO ADICIONAL--NOMBRE DE PERSONA |
| Nombre de persona |
Cid, Henry |
| 9 (RLIN) |
346 |
| 700 12 - PUNTO DE ACCESO ADICIONAL--NOMBRE DE PERSONA |
| Nombre de persona |
María, Angel |
| 9 (RLIN) |
73242 |
| 700 12 - PUNTO DE ACCESO ADICIONAL--NOMBRE DE PERSONA |
| Nombre de persona |
Féliz, Juan Richard Féliz |
| 9 (RLIN) |
73243 |
| 942 ## - ELEMENTOS DE PUNTO DE ACCESO ADICIONAL (KOHA) |
| Fuente del sistema de clasificación o colocación |
Dewey Decimal Classification |
| Tipo de ítem Koha |
Libro |